00273nam a2200085Ia 4500008004100000100002900041245007500070260003400145300000800179201231s9999 xx 000 0 und d aFisher, William F. (Ed.) 0aToward Sustainable Development : Struggling Over India's Narmada River aNew DelhibRawat Publications a481